000 00447nam a2200169Ia 4500
003 OSt
005 20260311111453.0
008 211028s2013 xx 000 0 und d
040 _cAIMIT LIBRARY
041 _aeng
100 _aSudarshana, B; Nausheeda, B S.
_g101745
_93863
110 _aAravind Prabhu
_93864
245 _aAsset management /
260 _aMangalore
_c2013
710 _aAadhyaa Entertainment Studios
_93865
942 _2ddc
_cPRO
999 _c217376
_d217376